000
00335 a2200157 4500
001
62885
020
_a
9788580414233
040
_c
Anchieta - Pituba
100
_a
Forman, Gayle
240
1
0
_a
Eu estive aqui
_l
por
245
1
0
_a
Eu estive aqui
300
_a
228
362
0
_a
2015
650
4
_a
Ficção norte-americana
942
_c
BK
999
_c
62885
_d
62885